South American Capitals - Sudden Death - Statistics

General Stats
  • This quiz has been taken 100 times
  • The average score is 9 of 13
Answers on the Grid
Answers color-coded by a green-red scale on the quiz's grid according to % correct below.
Lima
San José
Bogotá
Montevideo
Paramaribo
Recife
Santo Domingo
Sucre
Guayaquil
Brasilia
Buenos Aires
Georgetown
Cusco
St George's
Asunción
Tegucigalpa
Santiago
Fortaleza
Valladolid
Caracas
Rio de Janeiro
La Paz
Toledo
Quito
 
Answer Stats
Answer % Correct
Lima
100%
Bogotá
75%
La Paz
75%
Asunción
67%
Brasilia
67%
Buenos Aires
67%
Caracas
67%
Montevideo
67%
Quito
67%
Santiago
67%
Georgetown
58%
Paramaribo
58%
Sucre
50%
No matching quizzes found
Score Distribution
Percent of People with Each Score
Percentile by Number Answered
Your Score History
You have not taken this quiz